Princesas Disney - Statistics

Estatísticas Gerais
  • Esse quiz foi jogado 2 332 vezes
  • A pontuação média é 13 de 14
Estatísticas das Respostas
Hint Resposta % Correto
Vive no mar Ariel
99%
Apaixona-se pelo monstro Bela
99%
Come uma maçã envenenada Branca de Neve
99%
Tem de sair do baile á meia-noite Cinderela
99%
É capaz de criar gelo,geada e neve Elsa
97%
Tem o cabelo comprido Rapunzel
96%
Disfarça - se de homem para poder combater Mulan
91%
Acorda com um beijo do príncipe Aurora
89%
É a princesa de Arendelle Anna
88%
Apaixona - se pelo Aladdin Jasmine
88%
Tem o cabelo ruivo Mérida
88%
Apaixona - se pelo sapo Tiana
88%
É a filha querida do chefe de uma tribo Motonui da Polinésia Moana
86%
Vive no Novo Mundo Pocahontas
69%
Nenhum quiz correspondente encontrado
Distribuição das Pontuações
Porcentagem de Pessoas com Cada Pontuação
Percentil de Números Respondidos
Sua Pontuação Histórica
Você não jogou esse quiz